|
|
|
|
| LEADER |
00000nam a22000007a 4500 |
| 005 |
20150323174240.0 |
| 007 |
cr|||| |||| |
| 008 |
150323s2015 mx |||||s|||| 00||0 spa d |
| 020 |
|
|
|a 978-368-726-886-4
|
| 035 |
|
|
|a 12624
|
| 040 |
|
|
|a vLex
|
| 090 |
|
|
|c 5372
|d 5372
|
| 100 |
1 |
|
|a Domn̕guez Orozco, Jaime
|
| 245 |
1 |
0 |
|a Escuelas rǧimen jurd̕ico-fiscal 2015
|h [Recurso electrn̤ico] /
|c Jaime Domn̕guez Orozco, Cuauhtm̌oc Resňdiz Nn︢ez
|
| 256 |
|
|
|a Servicio en ln̕ea
|
| 260 |
|
|
|a Mx̌ico :
|b Ediciones Fiscales ISEF,
|c 2015
|
| 300 |
|
|
|a 1 recurso electrn̤ico
|
| 506 |
1 |
|
|a Contenido disponible en los productos indicados
|d vLex Global
|d vLex Global (Academic Edition, excluding Law Schools)
|d vLex Global (U.S. Academic Edition, Law Schools)
|d vLex Global (U.S. Academic Edition, excluding Law Schools)
|d vLex Global (Academic Edition, Law Schools)
|
| 650 |
0 |
4 |
|a Escuelas
|z Mx̌ico
|
| 650 |
0 |
4 |
|a Impuestos
|z Mx̌ico
|
| 740 |
0 |
|
|a vLex Libros (Servicio en ln̕ea)
|
| 856 |
4 |
0 |
|u http://vlex.com/source/escuelas-regimen-juridico-fiscal-2015-12624
|z Acceso restringido
|
| 942 |
|
|
|c BOOK
|
| 999 |
0 |
|
|a Schools
|
| 999 |
0 |
|
|a Taxation
|